000 01580nam a2200325 i 4500
001 2364080
003 IlBcCP
005 20260127133438.0
008 260127s2024 nyua 000 1 eng
020 _a1536483265
020 _a9780063002067
020 _a9781536483260
040 _erda
_cIlBcCP
_beng
082 1 4 _a741.5
_223
100 1 _aFrederick-Frost, Alexis.,
_eauthor.
_96469425
245 1 0 _aTeam Unihorn and Woolly :
_battack of the krill, vol. 1 /
_cAlexis Frederick-Frost ; illustrated by Alexis Frederick-Frost.
264 1 _aNew York, NY :
_bHarperAlley,
_c2024.
300 _a91 pages :
_bcolor illustrations ;
_c19 cm.
336 _atext
337 _aunmediated
338 _avolume
490 1 _aTeam Unihorn and Woolly ;
_v1
520 _aIn this goofy, fun superhero series, a group of best friends-turned-unlikely heroes must use their newfound powers to defend their home from quirky villains. Life on Burlap Beach is peaceful, until two very odd things happen on the same day: an iceberg containing the last woolly mammoth washes ashore, and a group of one-horned friends get too close to the super-rare blood moon, and wake up with superpowers!
521 2 _a1234
_bLibraria.
650 0 _aEclipses
_vComic books, strips, etc.
_96559756
650 0 _aMammoths
_vComic books, strips, etc.
_96559757
650 0 _aNarwhal
_vComic books, strips, etc.
_96383470
700 1 _aFrederick-Frost, Alexis,
_eillustrator.
_96469425
800 1 _aFrederick-Frost, Alexis.
_tTeam Unihorn and Woolly ;
_v1.
_96547054
999 _c409441
_d409441